Warhol: 1928-1987
Salvato in:
| Autore principale: | |
|---|---|
| Natura: | Libro |
| Lingua: | spagnolo |
| Pubblicazione: |
Bogotá
Panamericana
2011
|
| Edizione: | 2a. ed |
| Soggetti: | |
| Tags: |
Aggiungi Tag
Nessun Tag, puoi essere il primo ad aggiungerne!!
|
MARC
| LEADER | 00000cam a2200000 a 4500 | ||
|---|---|---|---|
| 001 | UCG9606 | ||
| 003 | CL-VaPUC | ||
| 008 | 120323e20110000CK |||||||||||||||||spa|d | ||
| 020 | |a 9789583036132 | ||
| 082 | 0 | 4 | |a 759.06 |b WAR |2 21 |
| 100 | 0 | |a Warhol, Andy |e author |9 267707 | |
| 245 | 1 | 0 | |a Warhol: 1928-1987 |
| 250 | |a 2a. ed | ||
| 300 | |a 255 p | ||
| 942 | |c BK | ||
| 945 | |d 20120323 00:00:00 |a dcastane | ||
| 260 | |a Bogotá |b Panamericana |c 2011 | ||
| 600 | 0 | |a Warhol, Andy 1928-1987 |9 559362 | |
| 650 | 0 | |a Arte pop |9 267708 | |
| 650 | 0 | |a Crítica e interpretación |9 255042 | |
| 583 | |a last modification |c 20120323 11:52:00 |k Rodrigo Vera | ||
| 999 | |c 347152 |d 347150 | ||